[Event "Avoine op 37th"]
[Site "Avoine"]
[Date "2023.07.27"]
[Round "6"]
[White "Daeschler, Florian"]
[Black "Lejarre, Ludovic"]
[Result "0-1"]
[WhiteElo "2248"]
[BlackElo "2366"]
[PlyCount "130"]
[EventDate "2023.07.22"]
[EventType "swiss"]
[EventRounds "9"]
[EventCountry "FRA"]
[SourceTitle "CBM 215 Extra"]
[Source "ChessBase"]
[SourceDate "2023.09.30"]
[SourceVersion "1"]
[SourceVersionDate "2023.09.30"]
[SourceQuality "1"]

1. d4 Nf6 2. c4 g6 3. g3 Bg7 4. Bg2 0-0 5. Nc3 d6 6. Nf3 c6 7. 0-0 Bf5 8. Ne1 e5 9. d5 cxd5 10. cxd5 a5 11. a4 Na6 12. e4 Bd7 13. Nd3 Nb4 14. f3 Qb6+ 15. Rf2 Rfc8 16. Bf1 Ne8 17. Qe2 f5 18. Be3 Qd8 19. Qd2 Nf6 20. Nxb4 axb4 21. Nb5 Bxb5 22. Bxb5 fxe4 23. Qxb4 Kh8 24. Rd1 h5 25. h3 exf3 26. Rxf3 e4 27. Rf2 Qe7 28. Bf4 Rc5 29. Bc4 h4 30. b3 hxg3 31. Bxg3 Nh5 32. Bh2 Re8 33. Qe1 Be5 34. Bxe5+ Qxe5 35. Qe3 Kg7 36. Rdf1 Rc7 37. Rg2 Rf7 38. Rxf7+ Kxf7 39. Qh6 Rg8 40. Rf2+ Ke7 41. Qe3 Rf8 42. Rxf8 Kxf8 43. Bf1 Nf4 44. Bg2 Nxg2 45. Kxg2 Qxd5 46. b4 Ke7 47. a5 Kd7 48. Kh2 Kc8 49. h4 Qd3 50. Qc1+ Kd7 51. Qf4 e3 52. Qf7+ Kc6 53. Qe8+ Kd5 54. Kg3 Qe4 55. Qd7 Kc4 56. Qa4 Kd5 57. Qd7 Kc4 58. Qa4 Kc3 59. Qa3+ Kd4 60. Qa4 Qe5+ 61. Kg2 e2 62. Qa1+ Kc4 63. Qe1 Qe4+ 64. Kg1 Qg4+ 65. Kh1 Qh3+ 0-1

[Event "FRA-ch Rapid"]
[Site "Asnieres sur Seine"]
[Date "2023.06.25"]
[Round "8"]
[White "Travadon, Loic"]
[Black "Daeschler, Florian"]
[Result "1-0"]
[WhiteElo "2463"]
[BlackElo "2247"]
[PlyCount "65"]
[EventDate "2023.06.25"]
[EventType "swiss (rapid)"]
[EventRounds "9"]
[EventCountry "FRA"]
[SourceTitle "CBM 214 Extra"]
[Source "ChessBase"]
[SourceDate "2023.07.31"]
[SourceVersion "1"]
[SourceVersionDate "2023.07.31"]
[SourceQuality "1"]

1. e4 e5 2. Nf3 Nc6 3. Bc4 Nf6 4. d3 Be7 5. c3 d6 6. Nbd2 0-0 7. Nf1 Na5 8. Bb5 a6 9. Ba4 b5 10. Bc2 c5 11. Ng3 Nc6 12. Qe2 Re8 13. h3 h6 14. Nh2 d5 15. Ng4 Nxg4 16. hxg4 Bg5 17. Bxg5 hxg5 18. exd5 Qd7 19. d6 Qxd6 20. Ne4 Qd7 21. f3 Qe7 22. Qe3 Nd4 23. cxd4 exd4 24. Qg1 c4 25. 0-0-0 f5 26. gxf5 Bxf5 27. dxc4 bxc4 28. Qxd4 Rad8 29. Qxc4+ Be6 30. Qc5 Qf7 31. Nxg5 Qf4+ 32. Kb1 Rc8 33. Nxe6 1-0

[Event "Titled Tuesday intern op 02nd May Early"]
[Site "Chess.com INT"]
[Date "2023.05.02"]
[Round "2"]
[White "Necula, Iulian"]
[Black "Daeschler, Florian"]
[Result "0-1"]
[WhiteElo "1851"]
[BlackElo "2252"]
[PlyCount "104"]
[EventDate "2023.05.02"]
[EventType "swiss (blitz)"]
[EventRounds "11"]
[EventCountry "USA"]
[SourceTitle "EXT 2024"]
[Source "ChessBase"]
[SourceDate "2023.10.10"]
[SourceVersion "1"]
[SourceVersionDate "2023.10.10"]
[SourceQuality "1"]

1. d4 d5 2. Nc3 Nf6 3. Bf4 c5 4. e4 dxe4 5. d5 a6 6. a4 e5 7. Bg5 Bf5 8. f3 exf3 9. Nxf3 Bd6 10. Bd3 Bxd3 11. cxd3 h6 12. Bh4 g5 13. Bg3 Nbd7 14. 0-0 Qc7 15. Ne4 Nxe4 16. dxe4 0-0 17. Rc1 Qb6 18. Qc2 Rae8 19. Bf2 Kg7 20. Rb1 Qb4 21. b3 Nf6 22. Rfe1 Ng4 23. h3 Nxf2 24. Qxf2 b5 25. axb5 axb5 26. Qg3 Kh7 27. h4 f5 28. hxg5 fxe4 29. g6+ Kg7 30. Nh4 Rf4 31. Rf1 Ref8 32. Nf3 exf3 33. Rxf3 Rxf3 34. gxf3 Qf4 35. Qg2 Qxf3 36. Ra1 Qxg2+ 37. Kxg2 Kxg6 38. Ra6 Rf6 39. Rc6 Kf5 40. Kf3 e4+ 41. Ke2 Ke5 42. Rb6 b4 43. Rb7 Kxd5 44. Rh7 Kd4 45. Kd2 e3+ 46. Ke2 Rf2+ 47. Ke1 Bf4 48. Rd7+ Kc3 49. Rd5 Kxb3 50. Rxc5 Rc2 51. Rb5 Bg5 52. Rf5 e2 0-1

[Event "Titled Tuesday intern op 18th Oct Late"]
[Site "Chess.com INT"]
[Date "2022.10.18"]
[Round "4"]
[White "Daeschler, Florian"]
[Black "Souleidis, Georgios"]
[Result "1-0"]
[WhiteElo "2217"]
[BlackElo "2410"]
[PlyCount "51"]
[EventDate "2022.10.18"]
[EventType "swiss (blitz)"]
[EventRounds "11"]
[EventCountry "USA"]
[SourceTitle "EXT 2024"]
[Source "ChessBase"]
[SourceDate "2023.10.10"]
[SourceVersion "1"]
[SourceVersionDate "2023.10.10"]
[SourceQuality "1"]

1. e4 c5 2. Nc3 e6 3. Nf3 Nc6 4. Bb5 Nge7 5. 0-0 a6 6. Bxc6 Nxc6 7. d4 cxd4 8. Nxd4 Qc7 9. Kh1 Be7 10. Nxc6 Qxc6 11. Qg4 0-0 12. Bh6 Bf6 13. Rae1 Kh8 14. Bd2 d6 15. f4 b5 16. e5 Be7 17. Ne4 Bb7 18. exd6 Bxd6 19. Nxd6 Qxd6 20. Bc3 Rg8 21. f5 exf5 22. Rxf5 f6 23. Rh5 h6 24. Qg6 Qd7 25. Bxf6 Bxg2+ 26. Qxg2 1-0

[Event "Titled Tuesday intern op 18th Oct Late"]
[Site "Chess.com INT"]
[Date "2022.10.18"]
[Round "6"]
[White "Daeschler, Florian"]
[Black "Vlassov, Nikolai"]
[Result "1/2-1/2"]
[WhiteElo "2217"]
[BlackElo "2283"]
[PlyCount "148"]
[EventDate "2022.10.18"]
[EventType "swiss (blitz)"]
[EventRounds "11"]
[EventCountry "USA"]
[SourceTitle "EXT 2024"]
[Source "ChessBase"]
[SourceDate "2023.10.10"]
[SourceVersion "1"]
[SourceVersionDate "2023.10.10"]
[SourceQuality "1"]

1. e4 Nc6 2. Nf3 d5 3. exd5 Qxd5 4. Nc3 Qa5 5. Bb5 Bd7 6. d4 a6 7. Bxc6 Bxc6 8. 0-0 Qh5 9. Ne5 Qxd1 10. Rxd1 Bd7 11. Nd5 Rc8 12. Bf4 Nf6 13. Nxf6+ gxf6 14. Nxd7 Kxd7 15. d5 Rg8 16. f3 Bg7 17. c3 Rgd8 18. Kf2 Ke8 19. g4 c6 20. dxc6 Rxc6 21. Rxd8+ Kxd8 22. Rd1+ Kc8 23. Rd5 e5 24. Be3 Bf8 25. Ke2 Rd6 26. Rxd6 Bxd6 27. Kd3 Kd7 28. Ke4 Ke6 29. c4 Bb4 30. a3 Be1 31. Bc5 Bd2 32. b4 Bc1 33. a4 Ba3 34. a5 Bb2 35. b5 Bc3 36. Bb6 Bb4 37. c5 Kd7 38. c6+ bxc6 39. bxa6 Kc8 40. Kf5 c5 41. Ke4 c4 42. Ke3 Bc3 43. Ke2 Bb4 44. h3 Bc3 45. Kd1 Bb4 46. Ke2 Bc3 47. Ke3 Bb4 48. f4 Bc3 49. h4 Be1 50. fxe5 Bxh4 51. Kd4 fxe5+ 52. Kxc4 f5 53. gxf5 h5 54. Kd5 Bf6 55. Kc6 Kb8 56. a7+ Ka8 57. Kd5 h4 58. Ke4 Kb7 59. a6+ Ka8 60. Kf3 Bg5 61. Kg4 Bf6 62. Be3 Bd8 63. Bg5 Bxg5 64. Kxg5 h3 65. f6 h2 66. f7 h1Q 67. f8Q+ Kxa7 68. Qg7+ Kxa6 69. Qf6+ Kb7 70. Qxe5 Qg2+ 71. Kf6 Qc6+ 72. Kf5 Kb6 73. Qd4+ Qc5+ 74. Qxc5+ Kxc5 1/2-1/2

[Event "Titled Tuesday intern op 18th Oct Late"]
[Site "Chess.com INT"]
[Date "2022.10.18"]
[Round "10"]
[White "Sailer, Mike L"]
[Black "Daeschler, Florian"]
[Result "0-1"]
[WhiteElo "2109"]
[BlackElo "2217"]
[PlyCount "92"]
[EventDate "2022.10.18"]
[EventType "swiss (blitz)"]
[EventRounds "11"]
[EventCountry "USA"]
[SourceTitle "EXT 2024"]
[Source "ChessBase"]
[SourceDate "2023.10.10"]
[SourceVersion "1"]
[SourceVersionDate "2023.10.10"]
[SourceQuality "1"]

1. d4 Nf6 2. Bf4 d5 3. Nc3 c5 4. e4 cxd4 5. Qxd4 Nc6 6. Bb5 e6 7. 0-0-0 Bd7 8. Bxc6 bxc6 9. exd5 cxd5 10. Nf3 Rc8 11. Ne5 Bc5 12. Qd2 0-0 13. Bg5 Be7 14. h4 Be8 15. f4 Bb4 16. Rh3 Ne4 17. Bxd8 Nxd2 18. Rxd2 Rxd8 19. Rdd3 f6 20. Nf3 Bg6 21. Rd1 Bd6 22. Ne2 Rc8 23. c3 Bh5 24. Rd4 Rc7 25. Ra4 Rfc8 26. Rh1 Bg4 27. Rf1 h5 28. g3 Kf7 29. Ned4 Kg6 30. Nb5 Rd7 31. Nxd6 Rxd6 32. Rxa7 d4 33. Nxd4 Rxd4 34. Kb1 Rd2 35. a3 Rb8 36. b4 Rc8 37. Rc1 Rg2 38. c4 Rd8 39. Rc2 Rxg3 40. Kb2 Bd1 41. Rf2 Rb3+ 42. Ka2 Rc3 43. c5 Bf3 44. Rb2 Rdd3 45. a4 Bd5+ 46. Kb1 Rd1# 0-1

[Event "Titled Tuesday intern op 18th Oct Late"]
[Site "Chess.com INT"]
[Date "2022.10.18"]
[Round "8"]
[White "Zeynalov, Rashad"]
[Black "Daeschler, Florian"]
[Result "1-0"]
[WhiteElo "2200"]
[BlackElo "2217"]
[PlyCount "85"]
[EventDate "2022.10.18"]
[EventType "swiss (blitz)"]
[EventRounds "11"]
[EventCountry "USA"]
[SourceTitle "EXT 2024"]
[Source "ChessBase"]
[SourceDate "2023.10.10"]
[SourceVersion "1"]
[SourceVersionDate "2023.10.10"]
[SourceQuality "1"]

1. d4 Nf6 2. Bf4 d5 3. e3 e6 4. Nd2 Bd6 5. Bg3 0-0 6. Ngf3 b6 7. c3 Ba6 8. Bxa6 Nxa6 9. Qe2 Nb8 10. e4 dxe4 11. Nxe4 Nxe4 12. Qxe4 Nd7 13. 0-0-0 Nf6 14. Qc6 Qe8 15. Qc4 Rc8 16. Rhe1 Bxg3 17. hxg3 c5 18. Qa6 Qc6 19. Kb1 cxd4 20. Rxd4 h6 21. Qxa7 Ra8 22. Qe7 Nd5 23. Qh4 Ra5 24. Rc1 Rfa8 25. a3 Qb5 26. c4 Qa6 27. cxd5 Rxa3 28. bxa3 Qxa3 29. Rd2 Qa1+ 30. Kc2 Qa2+ 31. Kd1 Qb3+ 32. Ke1 exd5 33. Qd4 Qb5 34. Re2 Ra4 35. Qe5 Ra8 36. Kf1 Rd8 37. Rd1 Qa4 38. Red2 d4 39. Rxd4 Rf8 40. Rd8 Qc4+ 41. Kg1 Rxd8 42. Rxd8+ Kh7 43. Qf5+ 1-0

[Event "Titled Tuesday intern op 20th Sep Late"]
[Site "Chess.com INT"]
[Date "2022.09.20"]
[Round "2"]
[White "Daeschler, Florian"]
[Black "Savic, Miroslav"]
[Result "0-1"]
[WhiteElo "2217"]
[BlackElo "2209"]
[PlyCount "132"]
[EventDate "2022.09.20"]
[EventType "swiss (blitz)"]
[EventRounds "11"]
[EventCountry "USA"]
[SourceTitle "EXT 2023"]
[Source "ChessBase"]
[SourceDate "2022.10.05"]
[SourceVersion "1"]
[SourceVersionDate "2022.10.05"]
[SourceQuality "1"]

1. e4 c5 2. Nf3 d6 3. d4 cxd4 4. Nxd4 Nf6 5. Nc3 a6 6. Nb3 e5 7. Bg5 Be6 8. Nd2 Nbd7 9. Nc4 Qc7 10. Ne3 Rc8 11. a4 Qa5 12. Bd3 Rxc3 13. bxc3 Qxc3+ 14. Kf1 Be7 15. Rb1 Qc7 16. Kg1 Nc5 17. Bxf6 Bxf6 18. Nd5 Bxd5 19. exd5 Nxa4 20. Qg4 Nc5 21. h4 h5 22. Qf3 b5 23. Kh2 Qe7 24. g3 e4 25. Bxe4 Nxe4 26. Rhe1 Be5 27. Rxe4 g6 28. Qe2 f5 29. Re3 f4 30. Re4 0-0 31. Kg2 f3+ 32. Qxf3 Rxf3 33. Kxf3 Qf7+ 34. Kg2 Qxd5 35. f3 Qd2+ 36. Kh3 Qf2 37. f4 Qxc2 38. Rbe1 Bf6 39. Re6 Qf5+ 40. Kh2 Be5 41. Re7 Qc2+ 42. Kh3 Qf5+ 43. Kh2 Bf6 44. Rc7 Bg7 45. Re8+ Bf8 46. Ra7 b4 47. Rxa6 b3 48. Rb6 Qc2+ 49. Kh3 Qc1 50. Kg2 b2 51. Reb8 Qc2+ 52. Kh3 Qf5+ 53. Kg2 Qc2+ 54. Kf3 Qd1+ 55. Ke3 Qe1+ 56. Kd3 Qd1+ 57. Ke4 Qe2+ 58. Kd5 Qd3+ 59. Kc6 Qc4+ 60. Kd7 Qf7+ 61. Kc6 Qc4+ 62. Kb7 Qd5+ 63. Ka7 Qa5+ 64. Ra6 Qc7+ 65. Ka8 Qxb8+ 66. Kxb8 b1Q+ 0-1

[Event "Titled Tuesday intern op 30th Aug Late"]
[Site "Chess.com INT"]
[Date "2022.08.30"]
[Round "6"]
[White "Daeschler, Florian"]
[Black "Balkum, Alexander"]
[Result "1-0"]
[WhiteElo "2202"]
[BlackElo "2107"]
[PlyCount "35"]
[EventDate "2022.08.30"]
[EventType "swiss (blitz)"]
[EventRounds "11"]
[EventCountry "USA"]
[SourceTitle "EXT 2023"]
[Source "ChessBase"]
[SourceDate "2022.10.05"]
[SourceVersion "1"]
[SourceVersionDate "2022.10.05"]
[SourceQuality "1"]

1. e4 c5 2. Nf3 Nc6 3. Bb5 g6 4. 0-0 Bg7 5. Re1 Nf6 6. c3 0-0 7. d4 d5 8. e5 Ne4 9. h3 Qb6 10. Bf1 cxd4 11. cxd4 f6 12. Nc3 Nxc3 13. bxc3 fxe5 14. dxe5 Be6 15. Be3 Qc7 16. Bd4 Rxf3 17. Qxf3 Nxe5 18. Qg3 1-0

[Event "Titled Tuesday intern op 09th Aug Early"]
[Site "Chess.com INT"]
[Date "2022.08.09"]
[Round "2"]
[White "Daeschler, Florian"]
[Black "Shapiro, Daniel E"]
[Result "1-0"]
[WhiteElo "2202"]
[BlackElo "2284"]
[PlyCount "91"]
[EventDate "2022.08.09"]
[EventType "swiss (blitz)"]
[EventRounds "11"]
[EventCountry "USA"]
[SourceTitle "EXT 2023"]
[Source "ChessBase"]
[SourceDate "2022.10.05"]
[SourceVersion "1"]
[SourceVersionDate "2022.10.05"]
[SourceQuality "1"]

1. e4 e6 2. d4 d5 3. Nc3 dxe4 4. Nxe4 Bd7 5. Nf3 Bc6 6. Bd3 Nd7 7. 0-0 Ngf6 8. Ng3 Bd6 9. Re1 0-0 10. c3 b6 11. Bc2 Re8 12. Qd3 Bb7 13. Bg5 g6 14. Rad1 Be7 15. Bh6 c5 16. Ng5 Qc7 17. Qe2 Bf8 18. Bxf8 Rxf8 19. N3e4 Nd5 20. Ba4 N7f6 21. c4 Nxe4 22. Nxe4 Nf4 23. Qe3 Nh5 24. dxc5 Bxe4 25. Qxe4 bxc5 26. Bc2 Rab8 27. b3 a5 28. Qe5 Qxe5 29. Rxe5 Rfc8 30. Rd7 Nf6 31. Ra7 Rd8 32. Re2 Ra8 33. Rxa8 Rxa8 34. f3 Kf8 35. Kf2 Ke7 36. Ke1 Kd6 37. Rd2+ Kc6 38. g4 Ra7 39. h4 Rd7 40. g5 Rxd2 41. Kxd2 Nh5 42. Be4+ Kd6 43. Kc3 Ng3 44. Bd3 Ke5 45. a3 Kf4 46. b4 1-0

[Event "Titled Tuesday intern op 09th Aug Early"]
[Site "Chess.com INT"]
[Date "2022.08.09"]
[Round "3"]
[White "Daeschler, Florian"]
[Black "Xu, Yi"]
[Result "0-1"]
[WhiteElo "2202"]
[BlackElo "2507"]
[PlyCount "86"]
[EventDate "2022.08.09"]
[EventType "swiss (blitz)"]
[EventRounds "11"]
[EventCountry "USA"]
[SourceTitle "EXT 2023"]
[Source "ChessBase"]
[SourceDate "2022.10.05"]
[SourceVersion "1"]
[SourceVersionDate "2022.10.05"]
[SourceQuality "1"]

1. e4 c5 2. Nf3 d6 3. Bb5+ Nd7 4. d4 cxd4 5. Qxd4 a6 6. Bxd7+ Bxd7 7. 0-0 Nf6 8. Bg5 e6 9. Nbd2 Bc6 10. Nc4 b5 11. Nb6 Rb8 12. Nd5 Be7 13. Nxe7 Qxe7 14. Rad1 Rd8 15. Rfe1 0-0 16. Qb6 Qb7 17. Qxb7 Bxb7 18. Nd2 Rc8 19. c3 h6 20. Bxf6 gxf6 21. Nb3 Rfd8 22. f3 Kf8 23. Kf2 Ke7 24. Ke3 h5 25. Na5 Ba8 26. a4 bxa4 27. Ra1 Rb8 28. Re2 d5 29. Rxa4 dxe4 30. fxe4 Rd1 31. b4 Rbd8 32. Nb3 R8d3+ 33. Kf2 Rxc3 34. Nc5 Bc6 35. Rxa6 Bb5 36. Ra7+ Kf8 37. Rc7 Ra3 38. Rc8+ Kg7 39. Rb8 Bxe2 40. Kxe2 Rc1 41. Rb7 Rc2+ 42. Kd1 Rxg2 43. Nxe6+ Kh6 0-1

[Event "Titled Tuesday intern op 09th Aug Early"]
[Site "Chess.com INT"]
[Date "2022.08.09"]
[Round "9"]
[White "Gatterer, Florian"]
[Black "Daeschler, Florian"]
[Result "1/2-1/2"]
[WhiteElo "2167"]
[BlackElo "2202"]
[PlyCount "91"]
[EventDate "2022.08.09"]
[EventType "swiss (blitz)"]
[EventRounds "11"]
[EventCountry "USA"]
[SourceTitle "EXT 2023"]
[Source "ChessBase"]
[SourceDate "2022.10.05"]
[SourceVersion "1"]
[SourceVersionDate "2022.10.05"]
[SourceQuality "1"]

1. c4 b6 2. Nf3 Bb7 3. e3 c5 4. Be2 Nf6 5. 0-0 e6 6. b3 d5 7. cxd5 Bxd5 8. Bb2 Be7 9. Nc3 Bb7 10. d4 0-0 11. dxc5 Bxc5 12. Qxd8 Rxd8 13. Rfd1 Nc6 14. a3 Be7 15. Rxd8+ Rxd8 16. Rd1 Rxd1+ 17. Bxd1 Na5 18. Nd2 Nd5 19. b4 Nxc3 20. Bxc3 Nc6 21. Bf3 Kf8 22. Nc4 f6 23. b5 Nd8 24. Bxb7 Nxb7 25. a4 Ke8 26. a5 bxa5 27. Bxa5 Kd7 28. Bc3 Nd6 29. Nxd6 Bxd6 30. Bd4 Bb8 31. Bc5 Kc8 32. h3 Kb7 33. Kf1 Bc7 34. Ke2 Bb6 35. Bd6 Bd8 36. Bc5 Bb6 37. Bd6 Kc8 38. Kd3 Kd7 39. Bf8 g6 40. f3 e5 41. e4 Ke6 42. Kc4 Kd7 43. Bb4 Bd4 44. Bf8 Be3 45. Kd5 Bd4 46. Bb4 1/2-1/2

[Event "Avoine op 36th"]
[Site "Avoine"]
[Date "2022.07.25"]
[Round "3"]
[White "Stephan, Victor"]
[Black "Daeschler, Florian"]
[Result "1-0"]
[WhiteElo "2394"]
[BlackElo "2219"]
[PlyCount "107"]
[EventDate "2022.07.23"]
[EventType "swiss"]
[EventRounds "9"]
[EventCountry "FRA"]
[SourceTitle "CBM 209 Extra"]
[Source "ChessBase"]
[SourceDate "2022.09.30"]
[SourceVersion "1"]
[SourceVersionDate "2022.09.30"]
[SourceQuality "1"]

1. c4 e6 2. Nc3 d5 3. d4 Nf6 4. cxd5 exd5 5. Bg5 c6 6. e3 Be7 7. Bd3 Nbd7 8. Nf3 h6 9. Bf4 Nh5 10. Be5 Nxe5 11. Nxe5 Nf6 12. 0-0 0-0 13. Rc1 Nd7 14. f4 Nxe5 15. fxe5 c5 16. Qf3 Be6 17. Ne2 Rc8 18. Nf4 Rc6 19. Kh1 c4 20. Bb1 Bg5 21. Rce1 Bxf4 22. exf4 f5 23. exf6 Qxf6 24. Re5 Kh8 25. g3 Bg8 26. Qa3 Ra6 27. Qc3 Rb8 28. Rfe1 Rd6 29. Qa5 a6 30. Bf5 b5 31. Qc7 Qd8 32. Re7 Qxc7 33. Rxc7 b4 34. Ree7 g6 35. Bc2 Rf8 36. Rb7 a5 37. Ra7 Rff6 38. Kg2 Ra6 39. Kf3 Rfb6 40. h4 Re6 41. Rxe6 Rxe6 42. g4 b3 43. axb3 cxb3 44. Bxb3 Rb6 45. Bc2 Rxb2 46. Bxg6 Rb3+ 47. Kf2 Rb2+ 48. Ke3 Rb3+ 49. Bd3 h5 50. g5 Be6 51. Kd2 Rb2+ 52. Kc3 Rf2 53. f5 Bg8 54. g6 1-0

[Event "EU Universities Rapid"]
[Site "Lodz"]
[Date "2022.07.18"]
[Round "7.2"]
[White "Molenda, Marcin"]
[Black "Daeschler, Florian"]
[Result "1-0"]
[WhiteElo "2374"]
[BlackElo "2219"]
[PlyCount "121"]
[EventDate "2022.07.16"]
[EventType "team-swiss (rapid)"]
[EventRounds "9"]
[EventCountry "POL"]
[SourceTitle "CBM 209 Extra"]
[Source "ChessBase"]
[SourceDate "2022.09.30"]
[SourceVersion "1"]
[SourceVersionDate "2022.09.30"]
[SourceQuality "1"]
[WhiteTeam "Kozminski Univ"]
[BlackTeam "Paris Est Creteil Univ"]
[WhiteTeamCountry "POL"]
[BlackTeamCountry "FRA"]

1. d4 d5 2. c4 e6 3. Nf3 Nf6 4. g3 Be7 5. Bg2 0-0 6. Nc3 dxc4 7. Ne5 Nc6 8. Bxc6 bxc6 9. Nxc6 Qd7 10. Nxe7+ Qxe7 11. Qa4 c5 12. dxc5 Qxc5 13. Be3 Qc7 14. f3 Bd7 15. Qc2 Rab8 16. 0-0 Rb4 17. Rfd1 Rfb8 18. Rab1 h6 19. Rd2 R8b7 20. Bd4 e5 21. Bf2 Be6 22. Kg2 g6 23. e4 Rb8 24. Be3 Kh7 25. g4 Qc6 26. Bxa7 R8b7 27. Bf2 Qc8 28. h3 Rd7 29. Rbd1 Rdb7 30. Qc1 Qb8 31. Be3 Rxb2 32. Bxh6 Rxd2+ 33. Rxd2 Rd7 34. Be3 Rd3 35. Rxd3 cxd3 36. Qd2 Bc4 37. a4 Qb4 38. Kg3 Qa3 39. Qc1 Qb3 40. a5 Ne8 41. Bd2 Ba6 42. Nd5 Bc4 43. Qa1 Bxd5 44. exd5 Qxd5 45. a6 Nc7 46. a7 e4 47. Qf6 Ne8 48. Qe7 Nd6 49. a8Q Qxa8 50. Qxd6 exf3 51. Qxd3 f2 52. Kxf2 Qh1 53. Bf4 Kg8 54. Be5 Qa8 55. Bf6 Qa7+ 56. Qe3 Qa2+ 57. Kg3 Qa4 58. Qh6 Qb3+ 59. Kh4 g5+ 60. Qxg5+ Kf8 61. Qc5+ 1-0

[Event "EU Universities Rapid"]
[Site "Lodz"]
[Date "2022.07.16"]
[Round "2.12"]
[White "Pheng, Wissam"]
[Black "Daeschler, Florian"]
[Result "0-1"]
[WhiteElo "1863"]
[BlackElo "2219"]
[PlyCount "68"]
[EventDate "2022.07.16"]
[EventType "team-swiss (rapid)"]
[EventRounds "9"]
[EventCountry "POL"]
[SourceTitle "CBM 209 Extra"]
[Source "ChessBase"]
[SourceDate "2022.09.30"]
[SourceVersion "1"]
[SourceVersionDate "2022.09.30"]
[SourceQuality "1"]
[WhiteTeam "Swiss Inst of Technology"]
[BlackTeam "Paris Est Creteil Univ"]
[WhiteTeamCountry "SUI"]
[BlackTeamCountry "FRA"]

1. c4 e6 2. Nf3 d5 3. e3 Nf6 4. b3 c5 5. Bb2 Nc6 6. cxd5 exd5 7. d4 Bd6 8. Be2 0-0 9. 0-0 Re8 10. dxc5 Bxc5 11. Nc3 a6 12. Qc2 Ba7 13. Rfd1 Be6 14. Rac1 Rc8 15. Qd2 Qe7 16. h3 Rcd8 17. Nd4 Nxd4 18. exd4 Bb8 19. Bf1 Qd7 20. Ba3 h6 21. Na4 Ne4 22. Qb2 Bxh3 23. gxh3 Re6 24. Bg2 Rg6 25. Rd3 Qf5 26. Qe2 Qf4 27. Qf3 Qh2+ 28. Kf1 Rf6 29. Qe2 Bg3 30. f3 Bf2 31. Qxf2 Nxf2 32. Kxf2 Re8 33. Nc5 Rg6 34. Rg1 Qg3+ 0-1

[Event "Titled Tuesday intern op 28th Jun Late"]
[Site "Chess.com INT"]
[Date "2022.06.28"]
[Round "5"]
[White "Corrales Jimenez, Fidel"]
[Black "Daeschler, Florian"]
[Result "1-0"]
[WhiteElo "2543"]
[BlackElo "2219"]
[PlyCount "155"]
[EventDate "2022.06.28"]
[EventType "swiss (blitz)"]
[EventRounds "11"]
[EventCountry "USA"]
[SourceTitle "CBM 209 Extra"]
[Source "ChessBase"]
[SourceDate "2022.09.30"]
[SourceVersion "1"]
[SourceVersionDate "2022.09.30"]
[SourceQuality "1"]

1. d4 Nf6 2. c4 c5 3. d5 b5 4. cxb5 a6 5. bxa6 g6 6. Nc3 Bxa6 7. Nf3 Bg7 8. e4 Bxf1 9. Kxf1 d6 10. g3 0-0 11. Kg2 Nbd7 12. Qe2 Qa5 13. Bd2 Rfb8 14. b3 Ng4 15. h3 Nge5 16. Nxe5 Bxe5 17. Na4 Qa7 18. Bc3 Bxc3 19. Nxc3 Rb4 20. h4 h5 21. Rac1 Ne5 22. Rhd1 Qb7 23. Rd2 Kh7 24. Nd1 Qa7 25. Rc3 Qa5 26. Rdc2 Rab8 27. f3 Qa7 28. Nf2 Qd7 29. f4 Ng4 30. Nxg4 hxg4 31. Rc4 R4b6 32. Rd2 Ra8 33. e5 Qf5 34. Re4 Kg7 35. Qe3 Rba6 36. a4 Rb6 37. Rc4 Rab8 38. Rd3 Rb4 39. Rxb4 Rxb4 40. a5 Re4 41. Qd2 dxe5 42. fxe5 Qxe5 43. Qc3 Re2+ 44. Kf1 Qxc3 45. Rxc3 Ra2 46. Rxc5 Kf6 47. b4 Ke5 48. Rc7 Ke4 49. Rxe7+ Kf3 50. Rxf7+ Kxg3 51. d6 Kh2 52. Rf6 g3 53. Rxg6 g2+ 54. Ke1 Ra3 55. Rxg2+ Kxg2 56. Kd2 Rg3 57. d7 Rg8 58. Kc3 Rd8 59. Kc4 Rxd7 60. Kc5 Kf3 61. b5 Rg7 62. Kc6 Ke4 63. b6 Rg6+ 64. Kb7 Kd5 65. h5 Rg7+ 66. Kb8 Kc6 67. h6 Rg8+ 68. Ka7 Rh8 69. a6 Rxh6 70. b7 Rh7 71. Ka8 Kb6 72. b8Q+ Kxa6 73. Qd6+ Kb5 74. Qe5+ Kc4 75. Qe4+ Kc3 76. Qxh7 Kb4 77. Kb7 Ka5 78. Qf5+ 1-0

[Event "Titled Tuesday intern op 28th Jun Late"]
[Site "Chess.com INT"]
[Date "2022.06.28"]
[Round "8"]
[White "Daeschler, Florian"]
[Black "Hoffmann, Asa"]
[Result "0-1"]
[WhiteElo "2219"]
[BlackElo "2185"]
[PlyCount "68"]
[EventDate "2022.06.28"]
[EventType "swiss (blitz)"]
[EventRounds "11"]
[EventCountry "USA"]
[SourceTitle "CBM 209 Extra"]
[Source "ChessBase"]
[SourceDate "2022.09.30"]
[SourceVersion "1"]
[SourceVersionDate "2022.09.30"]
[SourceQuality "1"]

1. d4 Nf6 2. c4 c5 3. d5 e5 4. Nc3 d6 5. e4 Be7 6. h3 Nbd7 7. g4 Nf8 8. Be2 Ng6 9. h4 h6 10. h5 Nf8 11. Be3 N6h7 12. Nh3 Ng5 13. f4 Nxh3 14. Rxh3 exf4 15. Bxf4 Bg5 16. Bg3 a6 17. Qd3 Nh7 18. e5 dxe5 19. Bxe5 0-0 20. Ne4 Re8 21. Bc3 f5 22. Nxc5 fxg4 23. Rh2 Qe7 24. Bd4 Nf6 25. Kd1 b6 26. Nb3 Ne4 27. Kc2 Bf5 28. Rf1 Bh7 29. Bxg4 Nc5 30. Nxc5 Bxd3+ 31. Nxd3 Qe4 32. Be6+ Rxe6 33. dxe6 Qxd4 34. Rf7 Qxc4+ 0-1

[Event "Titled Tuesday intern op 28th Jun Early"]
[Site "Chess.com INT"]
[Date "2022.06.28"]
[Round "4"]
[White "Daeschler, Florian"]
[Black "Ladopoulos, Dimitrios"]
[Result "0-1"]
[WhiteElo "2219"]
[BlackElo "2335"]
[PlyCount "88"]
[EventDate "2022.06.28"]
[EventType "swiss (blitz)"]
[EventRounds "11"]
[EventCountry "USA"]
[SourceTitle "CBM 209 Extra"]
[Source "ChessBase"]
[SourceDate "2022.09.30"]
[SourceVersion "1"]
[SourceVersionDate "2022.09.30"]
[SourceQuality "1"]

1. e4 e6 2. d4 d5 3. e5 c5 4. c3 Nc6 5. Nf3 Qb6 6. Be2 Nh6 7. Bxh6 gxh6 8. Qd2 Rg8 9. 0-0 Bd7 10. dxc5 Qxc5 11. b4 Qb6 12. Bd3 Bg7 13. Re1 Qc7 14. Bxh7 Rh8 15. Bc2 Nxe5 16. Nd4 0-0-0 17. Na3 Kb8 18. Rac1 Rc8 19. Bb1 a6 20. b5 Bf8 21. Qb2 Bxa3 22. Qxa3 Bxb5 23. Nxb5 axb5 24. Qb4 Rhg8 25. Kh1 Ng4 26. g3 Nxf2+ 27. Kg2 Ng4 28. Qxb5 Nxh2 29. Re3 Ng4 30. Rf3 Ne5 31. Re3 Nc4 32. Rf3 Rg7 33. Rh1 Rcg8 34. Rh3 Nd6 35. Qb4 Nc4 36. Bd3 Ne5 37. Re3 h5 38. Ba6 Nc6 39. Qb1 Ne7 40. c4 Nf5 41. Rb3 Rxg3+ 42. Rhxg3 Rxg3+ 43. Kf2 Qf4+ 44. Ke2 Rg2+ 0-1